000 01179nmm a2200373 a 4500
003 AR-BaBNM
005 20251128210141.0
008 259019s1997 ||||||||||||||000 | spa||
040 _cAR-BaBNM
100 1 _aSuárez, Ana María
245 1 0 _aProyectos y temas transversales
_b1er. ciclo
_n2
260 _aBuenos Aires
_bSopena Argentina
_c1997
300 0 _a351 p.
_bil., tablas
500 0 _aEl presente ejemplar carece de algunas páginas
504 _aContiene bibliografía p. 345
650 4 _aACTIVIDADES DE LA CLASE
650 4 _aENSENANZA DE LAS MATEMATICAS
650 4 _aENSENANZA DE LAS CIENCIAS SOCIALES
653 0 _aPROYECTOS DE AULA
653 0 _aCONTENIDOS BASICOS COMUNES
653 0 _aCONTENIDOS CONCEPTUALES
653 0 _aCONTENIDOS PROCEDIMENTALES
653 0 _aCONTENIDOS ACTITUDINALES
653 0 _aTEMAS TRANSVERSALES
653 0 _aESTRATEGIAS EDUCATIVAS
653 0 _aPRIMER CICLO DE LA EGB
653 0 _aPROYECTOS CURRICULARES
653 0 _aENSENANZA DE LA LENGUA
653 0 _aENSENANZA DE LAS CIENCIAS NATURALES
700 1 _aPoy, Gabriela Virginia
700 1 _aGiarracca, Cristina
942 _cBK
998 _cRaquel
999 _c14266
_d14266